000 00873nam a2200253Ia 4500
003 OSt
005 20221005112427.0
006 a|||||r|||| 00| 0
007 ta
008 221004b |||||||| |||| 00| 0 pan d
020 _c140
024 _a14554
037 _b877, 18/08/2014, H.K. Prakashan
_cTextual
040 _aCRL
_cCRL
_bpan
041 _2pan
_apan
082 _aV927:21wN27, 153P9
100 _aਹੁੰਦਲ, ਹਰਭਜਨ ਸਿੰਘ
245 0 _aਫੀਦਲ ਕਾਸਤਰੋ
260 _aਚੰਡੀਗੜ
_bਪੰਜਾਬ ਬੁੱਕ ਸੈ੍ਵਟਰ ਭਾਰਤ
_c2009
300 _a204ਪੰ
_ccm.
650 _aਭਾਰਤੀਯ ਇਤਿਹਾਸ
942 _hV927:21wN27, 153P9
_cTEXL
_2cc
999 _c1024860
_d1024860